| 000 | 00576nam a2200217Ia 4500 | ||
|---|---|---|---|
| 003 | OSt | ||
| 005 | 20220924113218.0 | ||
| 006 | a|||||r|||| 00| 0 | ||
| 007 | ta | ||
| 008 | 220923b |||||||| |||| 00| 0 urd d | ||
| 024 | _a43374 | ||
| 037 | _cDictionary | ||
| 040 |
_aARTS _cARTS _burd |
||
| 041 |
_2urd _aurd |
||
| 082 | _a12-316,244Q7, 168L5.1 | ||
| 100 |
_aHussain Basheer _9169722 |
||
| 245 | 0 | _aFehrist makhtutat -e- shirani | |
| 260 | _c1975 | ||
| 942 |
_h12-316,244Q7, 168L5.1 _cdic _2cc |
||
| 999 |
_c389586 _d389586 |
||